CONTE ARABE EN DIALECTE ÉGYPTIEN,

Saved in:

Main Author: M. MAX VAN BERCHEM..

Format: Book

Language: Undetermined

Published: Paris IMPRIMERIE NATIONALE. 1887

Tags: Add Tag

No Tags, Be the first to tag this record!

Call Number: (R)P41 BERC

LEADER 00343nam a2200121Ia 4500
008 240404s9999||||xx |||||||||||||| ||und||
050 4 |a (R)P41 BERC 
100 1 |a M. MAX VAN BERCHEM.. 
245 1 0 |a CONTE ARABE EN DIALECTE ÉGYPTIEN,  |c M. MAX VAN BERCHEM. 
264 1 |a Paris  |b IMPRIMERIE NATIONALE.  |c 1887 
300 |a 31  |c 22 
942 |2 lcc  |c BK 
999 |c 58053  |d 58053